000 00544nam a2200193Ia 4500
005 20250508150636.0
008 008 250505s9999 xx 000 0 eng d
037 _aTextual
040 _aFEDL
_beng
_cFEDL
041 _aeng
_2eng
084 _a370.15, STA
_qFEDL
100 _aStarch Daniel
_9320758
245 0 _aPsychology in education
260 _aNew York, USA
_bD Appleton - Century Company
_c1941
300 _a722p.
650 _aEducation - Philosophy
942 _cTEXL
_h370.15, STA
999 _c1324757
_d1324757